|
|
|
|
| LEADER |
00949ncm a22002412a 4500 |
| 001 |
000289278 |
| 003 |
CZ BrMZK |
| 005 |
20091211110041.0 |
| 007 |
qu |
| 008 |
010907s1959 xr cze d |
| 040 |
|
|
|a BOA001
|b cze
|
| 072 |
|
7 |
|a 784
|x Vokální hudba
|2 Konspekt
|9 9
|
| 100 |
1 |
|
|a Macourek, Harry,
|d 1923-1992
|7 jn19990009921
|4 cmp
|
| 245 |
0 |
0 |
|a Raketová píseň
|h [hudebnina] /
|c hudba Karel Macourek ; slova Pavel Kohout
|
| 260 |
|
|
|a Praha :
|b Státní nakladatelství krásné literatury, hudby a umění,
|c 1959
|
| 300 |
|
|
|a 4 s.
|
| 500 |
|
|
|a Značkovaný zpěv
|
| 700 |
1 |
|
|a Kohout, Pavel,
|d 1928-
|7 jk01061137
|4 aut
|
| 910 |
|
|
|a BOA001
|b PK-A-0005.890
|b Mus1-0411.183
|
| 964 |
|
|
|a Rakety meziplanetární - písně
|
| 990 |
|
|
|a MU
|
| 996 |
7 |
|
|b 2619441324
|c Mus1-0411.183
|l MZK
|r Sklad / do 1 hodiny
|n 0
|w 000289278
|u 000020
|a 1
|e BOA001
|j MZK50
|s A
|
| 996 |
6 |
|
|b 3119921086
|c PK-A-0005.890
|l MZK
|r Sklad / do 1 hodiny
|n 0
|w 000289278
|u 000010
|a 1
|e BOA001
|j MZK50
|s P
|